000 00578nam a2200169Ia 4500
008 090711s9999 xx 000 0 und d
082 _b79005
100 _aनाथमाधव
245 _aस्वराज्याSाा कारभार
260 _bकॉन्टीनेन्टल प्रकाशन
_c1985
300 _a171
600 _aनाथमाधव
630 _aस्वराज्याSाा कारभार
700 _aनाथमाधव
730 _aस्वराज्याSाा कारभार
942 _cBOOK
999 _c290981
_d290981